000 00937nab a2200313 4500
003 BR-BrBNA
005 20250423145858.0
008 250423b bl.||||| |||| 00| 0 por d
040 _aBR-BrBNA
_bpor
072 _aF01 ; Q60 ; J15 ; P01
_b0336
100 _aMorais, Larissa
245 _aA soja virou tinta
_bAgrotecnologia
500 _a1 illus.
650 _aSOJA
650 _aMATÉRIA-PRIMA VEGETAL
650 _aÓLEO VEGETAL
650 _aBIODIESEL
650 _aRAÇÃO
650 _aPLÁSTICO
650 _aLUBRIFICANTE
650 _aADESIVO
650 _aVERNIZ
650 _aSOLVENTE
650 _aMATERIAL BIODEGRADÁVEL
650 _aCOMERCIALIZAÇÃO
773 0 _01706
_9347838
_dSão Paulo-SP Editora Três Ltda - E-mail: luizfsa@revistadinheiro.com.br 2004
_o2025-0339
_tDinheiro Rural (Brazil)
_x1807-3700
_gv. 4(30) p. 40-41; (Apr 2007)
_wBR2025000858
942 _cANA
999 _c331171
_d331171